| 000 | 00879nam0a22002651 4500 | ||
|---|---|---|---|
| 001 | v19\rc\1536958 | ||
| 005 | 20250618201024.0 | ||
| 035 | _a(NLR Aleph) 004689593 | ||
| 090 |
_a3916565 _c3916565 |
||
| 100 | _a20060620g18961897|||y0rusy50 ca | ||
| 101 | 0 |
_arus _ageo |
|
| 102 | _aRU | ||
| 105 | _ay z ||||| | ||
| 200 | 1 |
_aСамоучитель русского и грузинского языков _fСост. и изд. Серг. Мдивановым (Биа-швили) |
|
| 205 | _a3-е изд. | ||
| 210 |
_aТифлис _cЛ.Б. Хиддекель _d1896 (обл. 1897) |
||
| 215 |
_a112 с. _d21 |
||
| 700 | 1 |
_aМдиванов _bС.С. _gСергей Сергеевич _4220 _4650 |
|
| 790 | 0 | _aБиа-швили | |
| 801 | 0 |
_aRU _bNLR _gpsbo |
|
| 801 | 0 |
_aRU _bRuMoRGB _2psbo |
|
| 801 | 1 |
_aRU _bProSoft-M _2rusmarc |
|
| 852 |
_aNLR _j18.279.3.46 |
||
| 942 | _cBOOK | ||
| 980 | _aNB | ||